[Event "Kesarovski Georgiev Memorial 7th"]
[Site "Sunny Beach"]
[Date "2008.09.14"]
[Round "9"]
[White "Tsakov, Petar"]
[Black "Yermishin, Viktor"]
[Result "1-0"]
[WhiteElo "1993"]
[BlackElo "2344"]
[PlyCount "139"]
[EventDate "2008.09.08"]
[EventType "swiss"]
[EventRounds "9"]
[EventCountry "BUL"]
[SourceTitle "CBM 126 Extra"]
[Source "ChessBase"]
[SourceDate "2008.11.05"]
[SourceVersion "1"]
[SourceVersionDate "2008.11.05"]
[SourceQuality "1"]

1. Nf3 d5 2. b3 e6 3. Bb2 Nf6 4. e3 Be7 5. Ne5 c5 6. Bb5+ Nbd7 7. 0-0 a6 8. Bxd7+ Bxd7 9. d3 0-0 10. Nd2 Be8 11. f4 Nd7 12. Ndf3 f6 13. Ng4 Bh5 14. Nf2 f5 15. Nh3 Bf6 16. Bxf6 Qxf6 17. Qd2 Rac8 18. Rae1 Bg6 19. d4 h6 20. Nf2 Qe7 21. Nd3 c4 22. Nde5 Be8 23. Nxd7 Bxd7 24. Ne5 Rfe8 25. Rb1 Bb5 26. Rf2 c3 27. Qd1 a5 28. g3 Rc7 29. h3 Kh7 30. Rh2 g5 31. a4 Bc6 32. Qd3 Bd7 33. Kh1 Rf8 34. Rg1 Be8 35. Rf2 Qf6 36. g4 Bg6 37. fxg5 hxg5 38. Rgf1 Kh6 39. gxf5 Bh5 40. Ng4+ Bxg4 41. hxg4 Kg7 42. Rh2 Rh8 43. Qe2 Rf7 44. Rf3 Rff8 45. Kg1 e5 46. dxe5 Qxe5 47. Qf2 Rxh2 48. Qxh2 Qxh2+ 49. Kxh2 Kf6 50. Rh3 Re8 51. Kg2 d4 52. Kf2 Re4 53. Rh6+ Ke7 54. exd4 Rxg4 55. Rh3 Rxd4 56. Rxc3 Rf4+ 57. Kg3 Rxf5 58. Rc7+ Kd6 59. Rxb7 Kc6 60. Rb8 Re5 61. c4 Re1 62. Rb5 Rg1+ 63. Kf2 Rb1 64. Ke2 g4 65. Kf2 Kd6 66. Kg3 Rg1+ 67. Kf4 g3 68. Kf3 Kc6 69. Rxa5 g2 70. Rb5 1-0

[Event "Kesarovski Georgiev Memorial 5th"]
[Site "Sunny Beach"]
[Date "2006.09.04"]
[Round "3.10"]
[White "Tomov, Georgi"]
[Black "Yermishin, Viktor"]
[Result "1-0"]
[WhiteElo "2292"]
[BlackElo "2410"]
[PlyCount "81"]
[EventDate "2006.09.02"]
[EventType "swiss"]
[EventRounds "9"]
[EventCountry "BUL"]
[SourceTitle "CBM 114 Extra"]
[Source "ChessBase"]
[SourceDate "2006.11.03"]
[SourceVersion "1"]
[SourceVersionDate "2006.11.03"]
[SourceQuality "1"]

1. Nf3 d5 2. d4 Nf6 3. c4 e6 4. Nc3 Be7 5. Bf4 0-0 6. e3 c6 7. Qc2 Nbd7 8. h3 Re8 9. Bd3 dxc4 10. Bxc4 Nf8 11. 0-0-0 b5 12. Bd3 Qb6 13. Bg5 Bb7 14. Bxf6 Bxf6 15. Ne4 Be7 16. Nc5 Rac8 17. Kb1 Red8 18. h4 Ba8 19. g4 Qc7 20. g5 Bd6 21. h5 Re8 22. g6 fxg6 23. hxg6 h6 24. Rh5 Qe7 25. Ne5 Bxc5 26. dxc5 Red8 27. Nf7 Rd5 28. Rdh1 Rxh5 29. Rxh5 Nd7 30. Qc3 Nf6 31. Rh1 Rc7 32. Bc2 Bb7 33. Qe5 Ng4 34. Qf4 Nf6 35. Rxh6 gxh6 36. Qxh6 Qxf7 37. gxf7+ Rxf7 38. Qg5+ Kh8 39. Bg6 Rf8 40. Qh6+ Kg8 41. e4 1-0

[Event "Kesarovski Georgiev Memorial 5th"]
[Site "Sunny Beach"]
[Date "2006.09.02"]
[Round "1.8"]
[White "Nikolov, Jordan"]
[Black "Yermishin, Viktor"]
[Result "0-1"]
[WhiteElo "2070"]
[BlackElo "2410"]
[PlyCount "98"]
[EventDate "2006.09.02"]
[EventType "swiss"]
[EventRounds "9"]
[EventCountry "BUL"]
[SourceTitle "CBM 114 Extra"]
[Source "ChessBase"]
[SourceDate "2006.11.03"]
[SourceVersion "1"]
[SourceVersionDate "2006.11.03"]
[SourceQuality "1"]

1. e4 d5 2. exd5 Qxd5 3. Nc3 Qa5 4. d4 c6 5. Nf3 Bg4 6. h3 Bxf3 7. Qxf3 e6 8. Bd3 Nf6 9. 0-0 Be7 10. Bd2 Qb6 11. Ne2 Nbd7 12. a3 0-0 13. Qg3 Rfd8 14. Bg5 Rac8 15. c3 c5 16. b4 cxd4 17. cxd4 Nf8 18. Rad1 Rd5 19. Be3 Qd8 20. f4 g6 21. f5 Bd6 22. Qg5 exf5 23. Rxf5 Rxf5 24. Bxf5 h6 25. Qxh6 gxf5 26. Qg5+ Ng6 27. Qxf5 Nd5 28. Bg5 Be7 29. Rf1 Nh8 30. Bh6 Rc6 31. Bf4 Rf6 32. Qg4+ Rg6 33. Qf5 Nxf4 34. Rxf4 Bg5 35. Rg4 Be3+ 36. Kh1 Rxg4 37. Qxg4+ Ng6 38. Qf3 Qe7 39. d5 Bb6 40. Qg4 Kg7 41. g3 Qe5 42. Qf3 Ne7 43. Qg4+ Kf8 44. h4 Qxd5+ 45. Kh2 Qf5 46. Qc4 Qf1 47. h5 Nf5 48. Qe4 Bc7 49. h6 Nxh6 0-1

[Event "Corus 4-A"]
[Site "Wijk aan Zee"]
[Date "2005.??.??"]
[Round "2"]
[White "Duijker, Rick"]
[Black "Yermishin, Viktor"]
[Result "1-0"]
[WhiteElo "2205"]
[BlackElo "2085"]
[PlyCount "141"]
[EventDate "2005.01.15"]
[EventType "tourn"]
[EventRounds "9"]
[EventCountry "NED"]
[EventCategory "1"]
[SourceTitle "EXT 2007"]
[Source "ChessBase"]
[SourceDate "2006.11.23"]
[SourceVersion "1"]
[SourceVersionDate "2006.11.23"]
[SourceQuality "1"]

1. d4 d5 2. Bg5 c6 3. c3 Nd7 4. Nd2 Ngf6 5. e3 e6 6. Bd3 Be7 7. f4 c5 8. Ngf3 h6 9. Bh4 Ng4 10. Bxe7 Qxe7 11. Qe2 f5 12. h3 Ngf6 13. Ne5 Nxe5 14. fxe5 Nd7 15. Qh5+ Qf7 16. Qxf7+ Kxf7 17. Bb5 b6 18. g4 fxg4 19. hxg4 Ke7 20. Bc6 Rb8 21. e4 Bb7 22. exd5 exd5 23. Bxd7 Kxd7 24. 0-0 Ke7 25. Kg2 Ba6 26. Rf2 Rhf8 27. Rxf8 Rxf8 28. Nb3 Rc8 29. Kf3 Bd3 30. Ke3 c4 31. Nd2 Bg6 32. Nf1 Rf8 33. Ng3 Ke6 34. Rf1 Rxf1 35. Nxf1 Bb1 36. a3 g5 37. Ng3 Bg6 38. Kf3 b5 39. Ke3 Kf7 40. Kf3 Ke6 41. Nf1 Bc2 42. Ne3 Bg6 43. Ke2 Bd3+ 44. Kd1 Be4 45. Kd2 Bg6 46. Nc2 a5 47. a4 bxa4 48. Na3 Be8 49. Ke3 Bd7 50. Kf3 Kf7 51. Nc2 Kg6 52. Ne3 Be6 53. Nf1 h5 54. gxh5+ Kxh5 55. Kg3 Kh6 56. Ne3 Kh5 57. Ng2 Bd7 58. Kf3 Bg4+ 59. Kg3 Bf5 60. Ne3 Be6 61. Kh2 Kh4 62. Kg2 Bh3+ 63. Kg1 Be6 64. Kh2 Kh5 65. Kg3 Kg6 66. Ng4 Kf5 67. Kf3 Bd7 68. Nf6 Be6 69. Ne8 Bd7 70. Nd6+ Kg6 71. Nb7 1-0